| 000 | 00638nam a22001817a 4500 | ||
|---|---|---|---|
| 005 | 20241108152614.0 | ||
| 008 | 241108b |||||||| |||| 00| 0 eng d | ||
| 020 | _a9780273769194 | ||
| 050 |
_aQA76.9 _b.C643 .S73 |
||
| 100 | _aStallings, William | ||
| 245 |
_aComputer Organization and Architecture Designing for Performance/ _binternational Edition _cWilliam Stallings; R. Mohan (contributor) |
||
| 250 | _a9th Ed. | ||
| 260 |
_aHarlow _bPearson Education Limited _c2013 |
||
| 300 |
_a786pages _bill. some color _c23cm |
||
| 650 | _2Computer Organization & Architecture | ||
| 700 | _aMohan, R. (contributor) | ||
| 942 |
_2lcc _cBK _e9th Ed. _n0 |
||
| 999 |
_c900 _d900 |
||